00434 a2200133 4500001000900000005001700009008004100026245006900067100002500136700002200161700002800183773007200211999001700283ART_332020260410161714.0260409a 10aTamaño de la fuerza laboral y desempleo oculto en la Argentina1 aSánchez, Carlos E.1 aFerrero, Fernando1 aSchulthess, Wálter E.0 tDesarrollo económicog- Vol. 19, Nº 74 (jul./sep. 1979)wREV1174 c16322d16322